| 000 | 00000nas 2200000za 4500 |
| 001 | 9.826738 |
| 003 | CaOODSP |
| 005 | 20221107144642 |
| 007 | cr ||||||||||| |
| 008 | 161101d19361948oncar p oss f0###a0eng|d |
| 040 | |aCaOODSP|beng |
| 043 | |an-cn--- |
| 086 | 1 |aCS41-209E-PDF |
| 245 | 04|aThe cooking and heating apparatus industry |h[electronic resource]. |
| 260 | |aOttawa : |bDominion Bureau of Statistics, Mining and Metallurgical & Chemical Branch, |c1938-[1950?] |
| 310 | |aAnnual |
| 362 | 0 |a1936-1948. |
| 490 | 0 |aAnnual industry bulletin |
| 490 | 0 |aCensus of Industry |
| 500 | |aDigitized edition from print [produced by Statistics Canada]. |
| 515 | |aIssue for 1940 not published. |
| 520 | |aPrincipal statistics on number of manufacturing plants, operating costs, number of employees, salaries, cost of fuel and electricity, cost of materials, and value of completed products. |
| 550 | |aIssued 1945-1946 by Mining, Metallurgical & Chemical Statistics; 1947 by Mining, Metallurgical & Chemical Section; 1948 by Industry and Merchandising Division. |
| 692 | 07|2gccst|aManufacturing industry |
| 692 | 07|2gccst|aCooking |
| 710 | 1 |aCanada. |bDominion Bureau of Statistics. |bMining, Metallurgical and Chemical Branch. |
| 710 | 1 |aCanada.|bCensus of Industry.|bMining, Metallurgical and Chemical Statistics. |
| 710 | 1 |aCanada. |bDominion Bureau of Statistics. |bMining, Metallurgical and Chemical Section. |
| 710 | 1 |aCanada. |bDominion Bureau of Statistics. |bIndustry and Merchandising Division. |
| 780 | 00|tOil burners |w(CaOODSP)9.829505 |
| 785 | 00|tThe heating and cooking apparatus industry |w(CaOODSP)9.826740 |